Capacidad última de un sistema sismo resistente de mampostería diseñado según el código sísmico de Costa Rica 2002
Gorde:
| Egile nagusia: | |
|---|---|
| Formatua: | Liburua |
| Argitaratua: |
[San José], Costa Rica
2010
|
| Gaiak: | |
| Etiketak: |
Etiketa erantsi
Etiketarik gabe, Izan zaitez lehena erregistro honi etiketa jartzen!
|
MARC
| LEADER | 00000nam a2200000Ia 4500 | ||
|---|---|---|---|
| 003 | 001632 | ||
| 005 | 20221231144037.0 | ||
| 008 | 140114s2010 cr a 000 ||s d | ||
| 040 | |c cru CEDI | ||
| 090 | |a TFG 6143 | ||
| 100 | |a Zumbado Álvarez, Luis Diego |9 3121 | ||
| 245 | |a Capacidad última de un sistema sismo resistente de mampostería diseñado según el código sísmico de Costa Rica 2002 | ||
| 260 | |c 2010 |b [San José], Costa Rica | ||
| 500 | |a Proyecto de graduación (licenciatura en ingeniería civil)--Universidad de Costa Rica. Facultad de Ingeniería. Escuela de Ingeniería Civil, 2010 Título del material complementario: Programa CUSSM | ||
| 650 | |x DISEÑO SISMO RESISTENTE |x MAMPOSTERIA |x MAMPOSTERIA |x CUSSM (PROGRAMAS PARA COMPUTADORA) |x CONSTRUCCION DE VIVIENDAS |x COSTA RICA |x CONSTRUCCIONES ANTISISMICAS |9 3122 | ||
| 942 | |c TFG | ||
| 999 | |c 16072 |d 16072 | ||
